| 000 | 00376nam a2200145Ia 4500 | ||
|---|---|---|---|
| 005 | 20260328104311.0 | ||
| 008 | 260328s9999||||xx |||||||||||||| ||und|| | ||
| 100 | _aIngels, Bjarke | ||
| 245 | 0 |
_aYes is More an archicomic on Architectural evolution / _cBjarke Ingels |
|
| 250 | _aIlustrado | ||
| 260 | _bTaschen | ||
| 300 | _a397 p. | ||
| 650 | _aARQUITECTOS | ||
| 942 | _cBK | ||
| 999 |
_c10967 _d10967 |
||